Agora Hills - Doja Cat (All Lyrics) - Statistics

General Stats
  • This quiz has been taken 69 times
  • The average score is 370 of 500
Answer Stats
Lyrics % Correct
a
98%
I
98%
you
98%
you,
98%
it
94%
the
94%
when
94%
of
92%
about
90%
my
90%
wanna
90%
in
88%
lick
88%
like
88%
no,
88%
show
88%
so,
86%
so
86%
they
86%
your
86%
kissin'
84%
off
84%
on
84%
and
82%
hope
82%
me
82%
love
80%
man
80%
that
80%
us
80%
hand
78%
tie
78%
boy
76%
boy,
76%
brag
76%
caught
76%
knot
76%
yeah,
76%
yeah
76%
don't
75%
fuck
75%
he
75%
not
75%
or
75%
up,
75%
up
75%
be
73%
can
73%
dick
73%
hold
73%
to
73%
baby,
71%
i'm
71%
what
71%
"who
71%
with
71%
whether
69%
different
67%
it's
67%
we
67%
back?
65%
back
65%
get
65%
hang
65%
hit
65%
take
65%
bathroom
63%
suck
63%
too
63%
too,
63%
her
61%
lonely
61%
tattoos
61%
big
59%
let
59%
little
59%
mansion
59%
need
59%
something
59%
that's
59%
ass
57%
down
57%
hands
57%
call
55%
fans
55%
street
55%
this
55%
fortnite,
53%
give
53%
i'll
53%
is
53%
put
53%
see
53%
strong
53%
while
53%
you're
53%
miss
51%
shit
51%
skin
51%
smack
51%
watch,
51%
where
51%
9:30?
49%
at
49%
by
49%
club
49%
mean
49%
only
49%
PDA,
49%
them
49%
true
49%
face,
47%
lookin'
47%
one,
47%
ten
47%
understand
47%
been
45%
have
45%
heard,
45%
rock
45%
there,
45%
used
45%
world,
45%
heat,
43%
kitty,
43%
name
43%
place
43%
'round
43%
their
43%
birds
41%
but
41%
fast
41%
food
41%
pain,
41%
penis
41%
rat
41%
rub
41%
streets
41%
toes
41%
window
41%
'cause
39%
dash,
39%
gettin'
39%
girls
39%
handle
39%
hate
39%
boys
37%
chill
37%
chillin'
37%
good
37%
incels
37%
kicks
37%
security,
37%
front
35%
mad
35%
pigtail
35%
seat,
35%
space,
35%
stabbed
35%
therapy
35%
ain't
33%
tooth
33%
beach
31%
cow,
31%
gun
31%
holdin'
31%
holy
31%
Holy
31%
long
31%
sorry
31%
split
31%
trip,
31%
walk
31%
bill
29%
i'ma
29%
paps?"
29%
seedy
29%
was
29%
ah,
27%
broke
27%
fixed
27%
heart,
27%
honk
27%
Trin'
27%
takin'
25%
beer
24%
root
24%
sip
24%
beat
20%
hole
20%
zoom
14%
jeep
12%
No matching quizzes found
Score Distribution
Percent of People with Each Score
Percentile by Number Answered
Your Score History
You have not taken this quiz